00504nam a2200193 a 4500001001300000003000900013005001700022008004100039020002300080082001800103100002300121245003900144260002500183300000900208500003500217505001300252650002200265700002300287nice12345678IN_TiNIC20260116012242.0050524s1981 lona grp 000 0 eng  a0281104 c11100a283.0955bDEH aDehqani, Tafti H B aHard Awakening, the Bishop in Iran aLondon bSPCK c1981 a116p aincludes index and biblioraphy2 aGlossary aChristianity-Iran1 aDehqani, Tafti H B